000 00395nam a22001697a 4500
005 20180802152105.0
008 160621b xxu||||| |||| 00| 0 eng d
020 _a81-7446-448-4
041 _aeng
082 _b8715
_a658.3
100 _aRao, V.S.P
_94696
245 _aHuman Resource Management
260 _bExcel Books
_c2008
300 _a691p,
650 _aManagement
_9241
942 _cBK
999 _c3372
_d3371